000
00311nam a22001457a 4500
008
221104b ||||| |||| 00| 0 eng d
020
_a
7392113
041
_a
eng
080
_a
521
082
_a
521 McC
100
_a
19.1
101
_a
ASTRO
245
_a
NUCLEAR REACTIONS
_c
McCARTHY I.E
942
_2
udc
_c
BK
999
_c
58734
_d
58734